000 00517nam a2200169Ia 4500
003 GCL
008 140319s9999 xx 000 0 ara d
040 _aGCL /
_cGCL
082 0 4 _aد
_b050
100 1 _aفتحى سلامة
245 1 0 _aالفكر الاجتماعى فى الرواية المصرية ( اقرا 458 ) /
_cفتحى سلامة
490 _aوثائق ونصوص
_v0
650 0 4 _aالقصص العربية
650 0 4 _aالادب
650 0 4 _aالادب العربى - مصر
942 _2ddc
_cCF
999 _c27168
_d27168